[Event "ch-UKR sf"]
[Site "Alushta UKR"]
[Date "2005.05.24"]
[Round "9"]
[White "Golovanj,A"]
[Black "Prihotko,A"]
[Result "1/2-1/2"]
[WhiteElo "2217"]
[BlackElo "2358"]

1.d4 d5 2.c4 Nc6 3.Nc3 Nf6 4.cxd5 Nxd5 5.Nf3 Bg4 6.e4 Bxf3 7.gxf3 Nxc3 8.bxc3 e5
9.d5 Nb8 10.Rb1 Bc5 11.Qa4+ Nd7 12.Bh3 Rb8 13.Rg1 h5 14.Rxg7 Kf8 15.Bg5 Nf6
16.Qc4 Kxg7 17.Qxc5 Nxe4 18.Bxd8 Nxc5 19.Bxc7 Rbe8 20.d6 Kf6 21.d7 Rd8 22.Bxd8+ Rxd8
23.Ke2 b6 24.f4 exf4 25.Rd1 Ne4 26.Rd4 Ke5 27.Rc4 f5 28.Rc7 a5 29.Kf3 Ng5+
30.Kg2 f3+ 31.Kg3 h4+ 32.Kxh4 Kf4 33.Rc4+ Ne4 34.Kh5 Rxd7 35.Kg6 Rd6+ 36.Kg7 Kg5
37.Rd4 Rg6+ 38.Kf7 Nxf2 39.Bf1 Ng4 40.h4+ Kh6 41.Rf4 Ne5+ 42.Ke7 Rg1 43.Ke6 Ng6
44.Rxf3 Nxh4 45.Rf2 Kg5 46.Ba6 f4 47.Kd5 f3 48.a4 Kf4 49.Kc6 Rg6+ 50.Kb7 Ke3
51.Rb2 Nf5 52.Rxb6 Rxb6+ 53.Kxb6 f2 54.Bf1 Ng3 55.Bg2 Ke2 56.c4 Nh5 57.c5 Nf4
58.c6 Nxg2 59.c7 f1=Q 60.c8=Q Qb1+ 61.Kxa5 Qe1+ 62.Ka6 Ne3 63.Qc5 Qd2 64.a5 Nd5
65.Ka7 Qe3 66.Qxe3+  1/2-1/2

[Event "30th Elekes Mem IM"]
[Site "Budapest HUN"]
[Date "2005.05.25"]
[Round "5"]
[White "Peredy,F"]
[Black "Mester,G"]
[Result "1/2-1/2"]
[WhiteElo "2290"]
[BlackElo "2410"]

1.d4 d5 2.c4 Nc6 3.cxd5 Qxd5 4.e3 e5 5.Nc3 Bb4 6.Bd2 Bxc3 7.Bxc3 exd4 8.Ne2 Bg4
9.f3 Be6 10.Nxd4 Nxd4 11.Qxd4 Qxd4 12.Bxd4 f6 13.Bb5+ c6 14.Bd3 Ne7 15.Kf2 Kf7
16.h4 h5 17.Rhc1 Rhd8 18.b4 Nd5 19.a3 a6 20.Rab1 Rd7 21.Rb2 f5 22.Be2 Nc7
23.Bb6 Re8 24.g3 Bd5 25.Rd2 Nb5 26.Bxb5 axb5 27.Ra1 Ree7 28.Rd4 Bb3 29.Rb1 Rxd4
30.Bxd4 Bc4 31.Ra1 Rd7 32.a4 bxa4 33.Rxa4 Ba6 34.Ra5 g6 35.Re5 Re7 36.e4 Rxe5
37.Bxe5 Ke6 38.Bd4 Bd3  1/2-1/2

[Event "14th CRO-Cup"]
[Site "Sibenik CRO"]
[Date "2005.05.30"]
[Round "1"]
[White "Grozdanic,G"]
[Black "Jurkovic,H"]
[Result "0-1"]
[WhiteElo "2026"]
[BlackElo "2431"]

1.d4 d5 2.c4 Nc6 3.Nc3 e5 4.cxd5 Nxd4 5.e3 Nf5 6.Nf3 Bd6 7.Bb5+ Bd7 8.Qa4 Nf6
9.e4 Ne7 10.Bg5 a6 11.Bxd7+ Nxd7 12.O-O O-O 13.Rac1 h6 14.Bh4 g5 15.Bg3 Ng6
16.Qc2 h5 17.h3 g4 18.hxg4 hxg4 19.Nh2 Qg5 20.Nd1 Nf6 21.Ne3 Rad8 22.Nf5 Rd7
23.Qe2 Kh7 24.f3 gxf3 25.Qxf3 Nh5 26.Ng4 Rg8 27.Nfh6 Rg7 28.Bf2 Ngf4 29.Be3 Rg6
30.g3 Nxg3 31.Qxg3 Ne2+ 32.Kg2 Nxg3 33.Bxg5 Nxf1 34.Kxf1 Rxg5 35.Nf6+ Kxh6
36.Nxd7 Rg4 37.Re1 Kg5 38.Kf2 f5 39.exf5 Kxf5 40.Rc1 Rd4 41.Nc5 Rxd5 42.Nxb7 Rd2+
43.Ke3 Rxb2 44.Nxd6+ cxd6 45.Rc6 d5 46.Rxa6 Rh2 47.Ra8 Rh3+ 48.Ke2 Ke4 49.Ke1 d4
50.Kd2 Rh2+ 51.Kd1 d3 52.Ra5 Kd4 53.Ra4+ Ke3  0-1

[Event "14th CRO-Cup"]
[Site "Sibenik CRO"]
[Date "2005.06.01"]
[Round "4"]
[White "Bilobrk,F"]
[Black "Golubovic,B"]
[Result "1/2-1/2"]
[WhiteElo "2403"]
[BlackElo "2462"]

1.d4 d5 2.c4 Nc6 3.Nf3 Bg4 4.Nc3 e6 5.Bg5 Be7 6.Bxe7 Ngxe7 7.e3 O-O 8.Bd3 h6
9.cxd5 Nxd5 10.O-O Nxc3 11.bxc3 Bxf3 12.Qxf3 Ne5 13.Qe4 Nxd3 14.Qxd3 c5 15.a4  1/2-1/2

[Event "Summer"]
[Site "Alushta UKR"]
[Date "2005.06.03"]
[Round "10"]
[White "Tishin,D"]
[Black "Kharchenko,B"]
[Result "1/2-1/2"]
[WhiteElo "2355"]
[BlackElo "2313"]

1.d4 d5 2.c4 Nc6 3.Nf3 e5 4.dxe5 Bb4+ 5.Bd2 dxc4 6.Qc2 Be6 7.e3 Qd5 8.a3 Bc5
9.Nc3 Qd7 10.Na4 Bf8 11.Bxc4 Bg4 12.Be2 Nge7 13.O-O Ng6 14.Bc3 Be7 15.Rfd1 Qc8
16.h3 Bf5 17.Bd3 Bxd3 18.Qxd3 O-O 19.Bd4 Qe6 20.Qc3 Rfe8 21.b4 a6 22.Rac1 Rac8
23.Nc5 Bxc5 24.Qxc5 h6 25.Bb2 Ngxe5 26.Nxe5 Nxe5 27.Qxe5 Qxe5 28.Bxe5 Rxe5
29.Rd7 c5 30.Rxb7 c4 31.Rd7 a5 32.Rd4 axb4 33.axb4 c3 34.Rd3 Rb5 35.Rdxc3 Rxc3
36.Rxc3 Rxb4 37.Rc8+ Kh7 38.Kh2 h5 39.Rd8 g6 40.Kg3 Kg7 41.Rd4 Rb2 42.e4 Kf6
43.Rd3 Ke5 44.Re3 Ra2 45.f4+ Ke6 46.Rb3 Rc2 47.Rb6+ Ke7 48.f5 g5 49.f6+ Kd7
50.Rb5 Rc3+ 51.Kh2 g4 52.hxg4 hxg4 53.Re5 Re3 54.Re7+ Kd6 55.Rxf7 Ke6 56.Rf8 Ra3
57.f7 Ke7 58.Rg8 Kxf7 59.Rxg4 Kf6 60.g3 Ra2+ 61.Kh3 Re2 62.Rf4+ Kg5 63.Rh4 Kg6
64.Rf4 Kg5 65.Rf5+ Kg6 66.Re5 Kf6 67.Re8 Kf7 68.Re5 Kf6 69.Re8 Kf7 70.Re5  1/2-1/2

[Event "TCh-ARG Magistral AFA"]
[Site "Buenos Aires ARG"]
[Date "2005.06.07"]
[Round "5"]
[White "Perdomo,L"]
[Black "Ricardi,P"]
[Result "0-1"]
[WhiteElo "2332"]
[BlackElo "2547"]

1.d4 d5 2.c4 Nc6 3.cxd5 Qxd5 4.e3 e5 5.Nc3 Bb4 6.Bd2 Bxc3 7.Bxc3 exd4 8.Ne2 Nf6
9.Nxd4 O-O 10.Be2 Ne4 11.Nxc6 Qxc6 12.Bd4 Qg6 13.O-O Bf5 14.Rc1 c6 15.f3 Bh3
16.g4 Bxf1 17.Bxf1 c5 18.Bd3 cxd4 19.Bxe4 f5 20.Bd5+ Kh8 21.Qxd4 Rad8 22.Rc7 fxg4
23.f4 g3 24.h4 Qg4 25.Kg2 Rfe8 26.e4 Rc8 27.Rc3 Qxh4 28.Rxg3 Rc2+ 29.Kf3 Qh5+
30.Rg4 Qh1+  0-1

[Event "FSIM June"]
[Site "Budapest HUN"]
[Date "2005.06.08"]
[Round "5"]
[White "Kahn,E"]
[Black "Brustkern,J"]
[Result "1-0"]
[WhiteElo "2293"]
[BlackElo "2258"]

1.d4 d5 2.c4 Nc6 3.Nf3 Bg4 4.cxd5 Bxf3 5.dxc6 Bxc6 6.Nc3 e6 7.e4 Bb4 8.f3 Qh4+
9.g3 Qh5 10.Bg2 O-O-O 11.Be3 Ne7 12.O-O Kb8 13.Qb3 Ba5 14.Qa3 Bxc3 15.bxc3 Nc8
16.c4 b6 17.c5 f5 18.Rfc1 Qe8 19.Rc3 f4 20.Bxf4 Rxd4 21.cxb6 axb6 22.Rac1 e5
23.Rxc6 exf4 24.Rxc7 Qe5 25.gxf4 Rd1+ 26.Rxd1 Qxc7 27.e5 Rd8 28.Rxd8 Qxd8
29.Qe3 Ne7 30.Bf1 Nf5 31.Qe4 g6 32.e6 Qd6 33.Qe5 Kc7 34.Bh3 Ne7 35.Kf2 Kc6
36.Qe4+ Kc7 37.a4 Qc5+ 38.Kf1 Nd5 39.Kg2 Kd8 40.Qe5 Ne3+ 41.Kg3 Qxe5 42.fxe5 Ke7
43.f4 Nd5 44.Kg4 Kxe6 45.Kg5+ Kf7 46.Bg2 Ne3 47.Be4 Kg7 48.Kh4 Kf7 49.h3 Ke6
50.Kg5 Kf7 51.Kh6 Kg8 52.e6 Nc4 53.e7 Nd6 54.Bd5+ Kh8 55.Be6 b5 56.a5 b4
57.a6 Ne8 58.a7  1-0

[Event "TCh-BIH Prem"]
[Site "Neum BIH"]
[Date "2005.06.12"]
[Round "9"]
[White "Sokolov,I"]
[Black "Fercec,N"]
[Result "1-0"]
[WhiteElo "2662"]
[BlackElo "2504"]

1.d4 d5 2.c4 Nc6 3.Nc3 dxc4 4.Nf3 Nf6 5.e3 e5 6.Bxc4 exd4 7.exd4 Bd6 8.Qe2+ Qe7
9.Qxe7+ Nxe7 10.O-O h6 11.Re1 O-O 12.Ne5 a6 13.Bf4 b5 14.Bb3 b4 15.Na4 Nfd5
16.Bg3 Be6 17.Nc5 Bxc5 18.dxc5 a5 19.Ba4 Rfd8 20.Rad1 Nf5 21.Nc6 Re8 22.Nd4 Nxd4
23.Bxe8 Rxe8 24.Rxd4 c6 25.Bd6 Ra8 26.Rd3 a4 27.a3 Ra7 28.axb4 Rb7 29.Rg3 Rxb4
30.Be5 g5 31.Ra3 Rc4 32.Bd6 Kg7 33.Rea1 Rc2 34.Rxa4 Rxb2 35.Ra6 Bd7 36.h3 h5
37.R6a2 Rb5 38.Ra8 Nc3 39.Re1 Be6 40.Ra3 Nb1 41.Ra6 Bd5 42.Rb6 Nc3 43.Re3 Rb1+
44.Rxb1 Nxb1 45.Re5  1-0

[Event "Suduroy"]
[Site "Tvoroyri FAI"]
[Date "2005.06.21"]
[Round "4"]
[White "Samuelsen,C"]
[Black "Simonsen,O"]
[Result "1-0"]
[WhiteElo "2238"]
[BlackElo "2254"]

1.d4 d5 2.c4 Nc6 3.Nf3 Bg4 4.Nc3 e6 5.cxd5 Bxf3 6.gxf3 exd5 7.Bf4 Bd6 8.Bg3 Nge7
9.e3 f5 10.Bxd6 Qxd6 11.f4 Nd8 12.Bd3 O-O 13.Qc2 c6 14.O-O-O Qf6 15.Kb1 Nf7
16.Ne2 Kh8 17.Ng1 g5 18.fxg5 Nxg5 19.h4 Ne4 20.Nf3 Rg8 21.Bxe4 fxe4 22.Ng5 Ng6
23.f3 Nxh4 24.f4 h6 25.Rxh4 Kg7 26.Rdh1 Rh8 27.Qh2 Raf8 28.Qh3 Re8 29.Qd7+ Re7
30.Qg4 Kf8 31.Qh3 Kg7 32.f5  1-0

[Event "White Nights"]
[Site "St Petersburg RUS"]
[Date "2005.06.23"]
[Round "6"]
[White "Bystryakova,E"]
[Black "Lychik,R"]
[Result "1-0"]
[WhiteElo "2177"]
[BlackElo "2050"]

1.d4 d5 2.c4 Nc6 3.cxd5 Qxd5 4.e3 e5 5.Nc3 Bb4 6.a3 Bxc3+ 7.bxc3 exd4 8.cxd4 Nf6
9.Nf3 Ne4 10.Qc2 Bf5 11.Bd3 Qa5+ 12.Nd2 Nxd2 13.Bxd2 Bxd3 14.Qxd3 Qd5 15.O-O O-O
16.Rab1 a6 17.Rfc1 Rfd8 18.Qb3 Ra7 19.Qxd5 Rxd5 20.Rxc6  1-0

[Event "19th Open Pula"]
[Site "Pula CRO"]
[Date "2005.06.26"]
[Round "9"]
[White "Atalik,S"]
[Black "Fercec,N"]
[Result "1/2-1/2"]
[WhiteElo "2561"]
[BlackElo "2504"]

1.d4 d5 2.c4 Nc6 3.cxd5 Qxd5 4.e3 e5 5.Nc3 Bb4 6.Bd2 Bxc3 7.Bxc3 exd4 8.Ne2 Nf6
9.Nxd4 O-O 10.Qb3 Qxb3 11.axb3 Nxd4 12.Bxd4 Ne4 13.f3 Nd6 14.Rc1 Be6 15.Rxc7 Bxb3
16.Bd3 Rfc8 17.Rxc8+ Rxc8 18.Kd2 a5 19.Rc1 Nc4+ 20.Ke2 b5 21.g4 a4 22.h4 h6
23.g5 hxg5 24.hxg5 b4 25.f4 Rc6 26.Be4 Rd6 27.f5 a3 28.bxa3 bxa3 29.Bd3 a2
30.Ba1 Rc6 31.Rh1 Na3 32.Bxg7 Kxg7 33.f6+ Rxf6 34.gxf6+ Kxf6 35.Ra1 Nc4 36.Bxc4 Bxc4+
37.Kd2 Ke5  1/2-1/2

[Event "4th Open"]
[Site "La Fere FRA"]
[Date "2005.07.05"]
[Round "5"]
[White "Housieaux,D"]
[Black "Riff,JN"]
[Result "0-1"]
[WhiteElo "2329"]
[BlackElo "2416"]

1.d4 d5 2.c4 Nc6 3.cxd5 Qxd5 4.e3 e5 5.Nc3 Bb4 6.Bd2 Bxc3 7.bxc3 Nf6 8.f3 Qd6
9.Bd3 O-O 10.Ne2 Re8 11.O-O b6 12.Qc2 Bb7 13.Rad1 Ne7 14.e4 Ng6 15.Ng3 Nh4
16.Bg5 Ng6 17.Nf5 Qc6 18.Qb3 a6 19.Bc4 Rf8 20.dxe5 Qc5+ 21.Be3 Qxe5 22.Bd4 Qf4
23.g3 Qg5 24.h4 Nxh4 25.Nxh4 Qxg3+ 26.Ng2 Nh5 27.Be3 b5 28.Bd5 c6 29.Bxf7+ Rxf7
30.Rd7 Rf8 31.Rxb7 Qh3 32.Bf4 c5 33.Qd5 Qxg2+ 34.Kxg2 Nxf4+ 35.Kg3 Nxd5 36.Rxf7 Kxf7
37.exd5 Ke7 38.a4 Kd6 39.axb5 axb5 40.Rb1 Rb8 41.c4 b4 42.f4 b3 43.Rb2 Ke7
44.Kf3 Rb4 45.Ke3 h5 46.Kd3 Kf6 47.Kc3 Kf5 48.d6 Ke6 49.Rd2 b2 50.d7 b1=Q
51.Rd6+ Kf5 52.d8=Q Qb2+  0-1

[Event "Open A"]
[Site "Klatovy CZE"]
[Date "2005.07.06"]
[Round "5"]
[White "Kellner,P"]
[Black "Jonas,V"]
[Result "0-1"]
[WhiteElo "1943"]
[BlackElo "2055"]

1.d4 d5 2.c4 Nc6 3.Bg5 Bg4 4.Nf3 f6 5.Bf4 e6 6.e3 Bb4+ 7.Nc3 Nge7 8.Be2 O-O
9.O-O Ng6 10.Bg3 Bd6 11.cxd5 exd5 12.Qb3 Bxg3 13.hxg3 Nge7 14.Rfd1 Rb8 15.e4 Be6
16.e5 fxe5 17.dxe5 Qd7 18.Ng5 Nxe5 19.Nxe6 Qxe6 20.Nxd5 Nxd5 21.Rxd5 Kh8
22.Rad1 c6 23.Ra5 Qf6 24.f4 Ng6 25.Rxa7 Qe7 26.Qf3 Rfe8 27.Bf1 Rbd8 28.Rxd8 Rxd8
29.Qf2 Qc7 30.Qe3 Ne7 31.a4 Nd5 32.Qc5 Qb8 33.Qa5 Re8 34.Bc4 Ne7 35.Kh2 Nf5
36.Qb6 Nd6 37.Bf7 Nxf7 38.Rxb7 Qd6 39.Rxf7 Qg6 40.Qb7 Qh5+ 41.Kg1 Re1+  0-1

[Event "4th Open"]
[Site "La Fere FRA"]
[Date "2005.07.06"]
[Round "6"]
[White "Gozzoli,Y"]
[Black "Housieaux,D"]
[Result "1-0"]
[WhiteElo "2444"]
[BlackElo "2329"]

1.d4 d5 2.c4 Nc6 3.Nc3 dxc4 4.d5 Ne5 5.f4 Nd7 6.e4 Nc5 7.Bxc4 e6 8.Nf3 exd5
9.exd5 Bd6 10.O-O Ne7 11.Nb5 O-O 12.Re1 Ng6 13.Nxd6 cxd6 14.h3 Bd7 15.b4 Na4
16.Qd4 Nh4 17.Nxh4 Qxh4 18.Re3 Rfe8 19.Kh2 Rxe3 20.Bxe3 Nb6 21.Bb3 Rc8 22.a4 Bf5
23.Bf2 Qh6 24.Rg1 Bc2 25.Bxc2 Rxc2 26.Qe4 Rc8 27.Rc1 Rf8 28.Rc7 Nxa4 29.Rxb7 Nc3
30.Qd3 Qxf4+ 31.Bg3 Qf6 32.Rc7 Na4 33.Rxa7 h5 34.h4 Nb2 35.Qe4 Nd1 36.Qe2 Qd4
37.Ra3 Nc3 38.Qb2 Rc8 39.b5 Qc5 40.b6 Ne2 41.b7 Qg1+ 42.Kh3 Qh1+ 43.Bh2 Nf4+
44.Kg3 Qe1+ 45.Qf2 Rc3+ 46.Rxc3 Ne2+ 47.Kh3 Qxc3+ 48.Qf3 Qb2 49.Qxe2 Qxe2
50.b8=Q+ Kh7 51.Bg3 g5 52.Qb1+ Kg8 53.Qf5 gxh4 54.Bxh4 Qd1 55.Kh2 Kf8 56.Qf6 Kg8
57.Qxd6 Kh7 58.Qe5 Qg4 59.Qg5  1-0

[Event "Open"]
[Site "Barbera del Valles ESP"]
[Date "2005.07.07"]
[Round "4"]
[White "Mirzoev,A"]
[Black "Bromann,T"]
[Result "1-0"]
[WhiteElo "2550"]
[BlackElo "2376"]

1.d4 d5 2.c4 Nc6 3.e3 e5 4.dxe5 d4 5.a3 a5 6.Nf3 Bc5 7.exd4 Bxd4 8.Be2 Nge7
9.O-O Be6 10.Nc3 Bxe5 11.Nxe5 Nxe5 12.Qb3 Qc8 13.Nd5 Bxd5 14.cxd5 O-O 15.Bf4 N5g6
16.Bg3 c6 17.dxc6 Nxc6 18.Rfd1 a4 19.Qb6 Re8 20.Bb5 f5 21.Qc7 Nce5 22.Qxc8 Rexc8
23.f3 Rc5 24.Bf1 Nc4 25.Rd7 b5 26.Bf2 Nge5 27.Rxg7+ Kxg7 28.Bxc5 Rd8 29.Bb4 f4
30.Bc3 Kg6 31.Be2 Kf5 32.Rd1 Rxd1+ 33.Bxd1 Ne3 34.Be2 N5c4 35.g3 h5 36.Kf2 Nd5
37.Bd4  1-0

[Event "IM"]
[Site "Condom FRA"]
[Date "2005.07.11"]
[Round "3"]
[White "Cioara,A"]
[Black "Housieaux,D"]
[Result "1-0"]
[WhiteElo "2403"]
[BlackElo "2329"]

1.d4 d5 2.c4 Nc6 3.e3 e5 4.cxd5 Qxd5 5.Nc3 Bb4 6.Bd2 Bxc3 7.bxc3 Nf6 8.Nf3 e4
9.Ng1 O-O 10.c4 Qf5 11.h3 h5 12.h4 Ne7 13.Ne2 Ng4 14.Nf4 Ng6 15.g3 Nxf4 16.gxf4 Qg6
17.Qa4 Nh6 18.Bb4 Rd8 19.Qa5 Bg4 20.Qg5 Qc6 21.Rg1 Qa4 22.Qa5 Qd7 23.Be2 b6
24.Qg5 f6 25.Qg6 Qa4 26.Bd2 Re8 27.Rc1 Re7 28.d5 Qxa2 29.c5 Kh8 30.Bc4 Qa3
31.d6 cxd6 32.c6 Rc8 33.Bd5 Qd3 34.Bc4 Qa3 35.Bd5 Qa4 36.Bc3 Qb5 37.Rxg4 hxg4
38.Bxf6 Qxd5 39.Bxe7 Nf5 40.Bg5 Kg8 41.c7 Qf7 42.h5 Kf8 43.Bd8 g3 44.fxg3 Qxg6
45.hxg6 Nxe3 46.Rc6 Nd5 47.f5 Ke8 48.g4 Kd7 49.Rc1 Ne7 50.Ke2 b5 51.Rh1 b4
52.f6 gxf6 53.Rh7 Rxd8 54.Rxe7+  1-0

[Event "16th Open"]
[Site "Ljubljana SLO"]
[Date "2005.07.11"]
[Round "4"]
[White "Jakovljevic,Vlado"]
[Black "Fercec,N"]
[Result "1/2-1/2"]
[WhiteElo "2402"]
[BlackElo "2500"]

1.d4 d5 2.c4 Nc6 3.Nc3 dxc4 4.d5 Ne5 5.f4 Ng6 6.e4 e6 7.Bxc4 Nf6 8.dxe6 Bxe6
9.Qb3 Bxc4 10.Qxc4 Qd7 11.e5 Ng4 12.h3 Nh6 13.Be3 Nf5 14.Bf2 Be7 15.Rd1 Qe6
16.Qe4 Bh4 17.Bxh4 Ngxh4 18.Rd3 O-O 19.g3 Ng6 20.g4 Nfh4 21.f5 Qxe5 22.fxg6 Qxe4+
23.Nxe4 Rae8 24.gxh7+ Kxh7 25.Re3 Ng2+ 26.Kf2 Nxe3 27.Kxe3 f5 28.gxf5 Rxf5
29.Nf3 Ra5 30.a3 Rb5 31.Rh2 Kh8 32.Kf4 Rb3 33.Nfg5 Rf8+ 34.Kg4 Rd3 35.h4 Rf1
36.Kh5 Rd4 37.Kg6 Rf4 38.Re2 Kg8 39.Kh5 c5 40.Nxc5 Rxh4+ 41.Kg6 Rdf4 42.Re8+ Rf8
43.Rxf8+ Kxf8 44.Nxb7 Rh6+ 45.Kf5 Rb6 46.Na5  1/2-1/2

[Event "27th Open"]
[Site "Oberwart AUT"]
[Date "2005.07.12"]
[Round "4"]
[White "Zsinka,L"]
[Black "Sachsenhofer,M"]
[Result "1/2-1/2"]
[WhiteElo "2352"]
[BlackElo "2104"]

1.d4 d5 2.c4 Nc6 3.Nc3 Nf6 4.cxd5 Nxd5 5.e4 Nxc3 6.bxc3 e5 7.d5 Nb8 8.Nf3 Bd6
9.Bd3 O-O 10.O-O b6 11.Bg5 f6 12.Be3 Bg4 13.h3 Bxf3 14.Qxf3 Nd7 15.a4 a5
16.Bb5 Nc5 17.Rad1 Qe7 18.Rfe1 Rad8 19.Re2 Kh8 20.Qg4 Qf7 21.Bxc5 Bxc5 22.Rd3 f5
23.exf5 Qxf5 24.Qxf5 Rxf5 25.g4 Rf4 26.Rxe5 Bxf2+ 27.Kg2 Bc5 28.Rf3 Rdf8
29.Rxf4 Rxf4 30.Re8+ Rf8  1/2-1/2

[Event "16th Open"]
[Site "Ljubljana SLO"]
[Date "2005.07.13"]
[Round "7"]
[White "Sebenik,M"]
[Black "Fercec,N"]
[Result "0-1"]
[WhiteElo "2407"]
[BlackElo "2500"]

1.d4 d5 2.c4 Nc6 3.Nc3 dxc4 4.e3 e5 5.d5 Nce7 6.Bxc4 Nf6 7.Nge2 Ng6 8.O-O Bd6
9.Ng3 O-O 10.Bd2 a6 11.a3 Kh8 12.Ba2 Ng4 13.h3 Nh6 14.Nce4 Be7 15.d6 cxd6
16.Bb4 a5 17.Bxd6 f5 18.Bxe7 Qxe7 19.Nc3 f4 20.exf4 exf4 21.Re1 Qh4 22.Re4 Bg4
23.hxg4 Nxg4 24.f3 Qxg3 25.fxg4 f3 26.Qc2 f2+ 27.Kf1 Nh4  0-1

[Event "ACT Open"]
[Site "Amsterdam NED"]
[Date "2005.07.23"]
[Round "8"]
[White "Hansen,Kay"]
[Black "Blanchard,Ja"]
[Result "1/2-1/2"]
[WhiteElo "2205"]
[BlackElo "2219"]

1.d4 d5 2.c4 Nc6 3.cxd5 Qxd5 4.Nf3 e5 5.Nc3 Bb4 6.Bd2 Bxc3 7.Bxc3 e4 8.Nd2 e3
9.fxe3 Nf6 10.e4 Nxe4 11.Nxe4 Qxe4 12.d5 Ne7 13.Bxg7 Rg8 14.Qd4 Qxd4 15.Bxd4 Nxd5
16.g3 Be6 17.Bg2 O-O-O 18.O-O Nb4 19.Bf6 Rd7 20.Rfc1 Nxa2 21.Rc5 a6 22.Be4 h6
23.Kf2 Nb4 24.Rh5 Nd5 25.Bxd5 Rxd5 26.Rxh6 Bg4 27.Ra4 Kd7 28.Rd4 Rxd4 29.Bxd4 Be6
30.h4 Kd6 31.Rh8 Rxh8 32.Bxh8 Bg4 33.e4 f5 34.exf5 Bxf5 35.Ke3 Ke6 36.Kd4 Bc2
37.g4 b5  1/2-1/2

[Event "Open A"]
[Site "Pardubice CZE"]
[Date "2005.07.23"]
[Round "2"]
[White "Najer,E"]
[Black "Vokoun,J"]
[Result "1-0"]
[WhiteElo "2614"]
[BlackElo "2326"]

1.d4 d5 2.c4 Nc6 3.Nc3 e6 4.Nf3 Nf6 5.Bg5 Bb4 6.e3 h6 7.Bh4 g5 8.Bg3 Ne4
9.Nd2 Nxg3 10.hxg3 dxc4 11.Bxc4 a6 12.Qh5 b5 13.Be2 Bb7 14.O-O Ne7 15.Nf3 Ng8
16.Ne5 Rh7 17.Bd3 Nf6 18.Qe2 Rh8 19.Bxb5+ Kf8 20.Bc6 Rb8 21.Bxb7 Rxb7 22.Qxa6 Rb6
23.Qc4 Bd6 24.Qe2 h5 25.a4 Qb8 26.Nc4 Rb4 27.a5 h4 28.a6 hxg3 29.a7 Qa8 30.fxg3 Kg7
31.Ra5 Nd5 32.Nxd6  1-0

[Event "Open A"]
[Site "Pardubice CZE"]
[Date "2005.07.24"]
[Round "3"]
[White "Bernasek,J"]
[Black "Nuesken,N"]
[Result "1/2-1/2"]
[WhiteElo "2458"]
[BlackElo "2271"]

1.d4 d5 2.c4 Nc6 3.e3 e5 4.cxd5 Qxd5 5.Nc3 Bb4 6.Bd2 Bxc3 7.bxc3 Nf6 8.c4 Qd6
9.d5 Nb8 10.Qc2 O-O 11.e4 c6 12.Nf3 Na6 13.Bc3 Re8 14.Be2 Nc5 15.Nd2 Bd7
16.O-O Rac8 17.Rac1 cxd5 18.cxd5 Na4 19.Qb3 Nxc3 20.Rxc3 Rxc3 21.Qxc3 Rc8
22.Qb2 Qc7 23.Rb1 Qc2 24.f3 b5 25.Kf1 Ne8 26.Ke1 Qxb2 27.Rxb2 Nd6 28.Nb3 Kf8
29.Na5 Ke7 30.Kd2 Kd8 31.Rb1 Kc7 32.Nb3 Kb6 33.a4 bxa4 34.Nd4+ Kc5 35.Nc2 a5
36.Bd3 g6 37.g4 f6 38.Kd1 a3 39.Ra1 f5  1/2-1/2

[Event "Open A"]
[Site "Pardubice CZE"]
[Date "2005.07.25"]
[Round "4"]
[White "Nogly,C"]
[Black "Bromann,T"]
[Result "1-0"]
[WhiteElo "2254"]
[BlackElo "2376"]

1.d4 d5 2.c4 Nc6 3.Nf3 Bg4 4.Nc3 e6 5.cxd5 exd5 6.Bf4 Bxf3 7.gxf3 Bd6 8.Bg3 Nge7
9.e3 h5 10.a3 h4 11.Bxd6 Qxd6 12.Bh3 f5 13.f4 O-O-O 14.Rg1 g6 15.Qc2 Nxd4
16.exd4 Qxf4 17.Ne2 Qxh2 18.Qd3 Qd6 19.O-O-O Kb8 20.Rg5 Rhf8 21.Qd2 Rf6 22.Nf4 c5
23.Kb1 cxd4 24.Bg2 Rc8 25.Nd3 Qb6 26.Qb4 Qc7 27.Rc1 Nc6 28.Qd2 Rd6 29.Nf4 Qf7
30.Rc5 Qe7 31.Nxd5 Qe5 32.f4 Qe6 33.Nb4 Nd8 34.Nd3 Nf7 35.Qb4 Rb6 36.Bd5 Qe3
37.Rxc8+ Kxc8 38.Qc4+ Rc6 39.Bxc6 Nxg5 40.Bd5+ Kd8 41.fxg5 h3 42.Nc5 Ke7
43.Ne6 Kd6 44.Nxd4 h2 45.Ka2 a6 46.Bxb7 Qxg5 47.Qxa6+ Kd7 48.Qe6+ Kd8 49.Qd6+ Ke8
50.Qxh2 Qf6 51.Bc6+ Kf8 52.Qh6+ Ke7 53.Qh7+  1-0

[Event "Open A"]
[Site "Pardubice CZE"]
[Date "2005.07.25"]
[Round "4"]
[White "Krensing,J"]
[Black "Muzik,M"]
[Result "1-0"]
[WhiteElo "2227"]
[BlackElo "2300"]

1.d4 d5 2.c4 Nc6 3.cxd5 Qxd5 4.e3 e5 5.Nc3 Bb4 6.Bd2 Bxc3 7.Bxc3 exd4 8.Ne2 Nf6
9.Nxd4 O-O 10.Nb5 Qg5 11.h4 Qh6 12.Qf3 Bg4 13.Qg3 Rad8 14.Bc4 Be6 15.Bxe6 fxe6
16.Qg5 Qxg5 17.hxg5 Ne4 18.Nxc7 Rxf2 19.Nxe6 Rd6 20.Nc5 Nxc3 21.Kxf2 Rd2+
22.Kg3 Rxb2 23.Kh2 Ne5 24.Rhc1 Ne2 25.Rcb1 Rc2 26.Ne4 Ng4+ 27.Kh3 Nxe3 28.Rxb7 Nf4+
29.Kg3 Nh5+ 30.Kf3 Nxg2 31.Rd1 h6 32.Nf6+ Nxf6 33.gxf6 Nh4+ 34.Kg4 Rc4+ 35.Kh3  1-0

[Event "MTO Open"]
[Site "Biel SUI"]
[Date "2005.07.26"]
[Round "8"]
[White "Stock,L"]
[Black "Peschlow,P"]
[Result "1/2-1/2"]
[WhiteElo "2164"]
[BlackElo "2318"]

1.d4 d5 2.c4 Nc6 3.e3 e5 4.dxe5 d4 5.Nf3 Bb4+ 6.Bd2 dxe3 7.fxe3 Bg4 8.Bxb4 Qxd1+
9.Kxd1 Nxb4 10.h3 Bf5 11.Nd4 O-O-O 12.Nd2 Ne7 13.Be2 Nd3 14.Bxd3 Bxd3 15.Rc1 c5
16.Nb5 Nf5 17.Re1 a6 18.e4 axb5 19.exf5 bxc4 20.g4 h5 21.e6 fxe6 22.fxe6  1/2-1/2

[Event "15th ETC Women"]
[Site "Gothenburg SWE"]
[Date "2005.07.30"]
[Round "1"]
[White "Horvath,Maria AUT"]
[Black "Botsari,A"]
[Result "1/2-1/2"]
[WhiteElo "2039"]
[BlackElo "2297"]

1.d4 d5 2.c4 Nc6 3.Nf3 Bg4 4.Nc3 e6 5.cxd5 exd5 6.Bg5 Be7 7.Bxe7 Ngxe7 8.e3 O-O
9.Bd3 h6 10.O-O Kh8 11.Rc1 Qd6 12.h3 Bh5 13.Na4 f5 14.g3 Rf6 15.Re1 a5 16.Bf1 Raf8
17.Nc5 b6 18.Nd3 Nb4 19.Nxb4 axb4 20.Bg2 Ra8 21.Qc2 c6 22.Ne5 c5 23.f4 cxd4
24.exd4 Rxa2 25.Qc7 Rxb2 26.Nd7 Qxc7 27.Rxc7 Rc6 28.Rb7 Nc8 29.Bxd5 Rc3 30.Rb8 Rbc2
31.Nxb6 Rxg3+ 32.Kf1 Rgc3 33.Nxc8 Rxc8 34.Rxb4 Rd8 35.Be6 Rd2 36.d5 Bf3 37.Bxf5 Bxd5
38.h4 Rh2 39.Rd4 g6 40.Be4 Rxh4 41.Bxd5 g5 42.Re5 Rxf4+ 43.Rxf4 gxf4 44.Kf2 Kg7
45.Kf3 Rf8 46.Re6 h5 47.Be4  1/2-1/2

[Event "15th ETC Women"]
[Site "Gothenburg SWE"]
[Date "2005.08.05"]
[Round "7"]
[White "Srebrnic,A"]
[Black "Botsari,A"]
[Result "1/2-1/2"]
[WhiteElo "2289"]
[BlackElo "2297"]

1.d4 d5 2.c4 Nc6 3.Nf3 Bg4 4.Nc3 e6 5.cxd5 exd5 6.Bg5 Be7 7.Bxe7 Ngxe7 8.e3 O-O
9.Be2 Qd6 10.O-O Nd8 11.Ne5 Bxe2 12.Qxe2 c6 13.Qh5 f6 14.Nd3 Ne6 15.b4 g6
16.Qe2 Rfe8 17.Qd2 Nf5 18.b5 Qf8 19.bxc6 bxc6 20.Na4 Qh6 21.Qc1 Qg5 22.Nac5 Nh4
23.g3 Qg4 24.Ne1 Ng5 25.Qd1 Ngf3+ 26.Nxf3 Nxf3+ 27.Kg2 Nh4+ 28.Kh1 Nf3 29.Kg2 Nh4+
30.Kh1 Nf3 31.Kg2  1/2-1/2

[Event "15th ETC Women"]
[Site "Gothenburg SWE"]
[Date "2005.08.06"]
[Round "8"]
[White "Roelli,C"]
[Black "Gara,A"]
[Result "0-1"]
[WhiteElo "2001"]
[BlackElo "2372"]

1.d4 d5 2.c4 Nc6 3.e3 e5 4.cxd5 Qxd5 5.Nc3 Bb4 6.Bd2 Bxc3 7.bxc3 Qd6 8.Bd3 Nf6
9.Ne2 O-O 10.Ng3 Re8 11.O-O Ne7 12.Qc2 Ng6 13.Ne4 Nxe4 14.Bxe4 c6 15.f4 exf4
16.exf4 f5 17.Bxf5 Bxf5 18.Qxf5 Re2 19.Qd3 Rae8 20.Rae1 Rxe1 21.Rxe1 Rxe1+
22.Bxe1 Nxf4 23.Qd2 Nd5 24.Bg3 Qe6 25.Be5 Qf5 26.h3 b5 27.Kh2 a6 28.a4 h6
29.axb5 cxb5 30.Qa2 Qe6 31.Qa5 Qb6 32.Qa2 Qc6 33.Qa3 Ne3 34.Qa2+ Kh7 35.Qf2 Qe4
36.Qg3 Nf1+  0-1

[Event "FSIMA August"]
[Site "Budapest HUN"]
[Date "2005.08.07"]
[Round "2"]
[White "Petran,Pa"]
[Black "Bors,T"]
[Result "1-0"]
[WhiteElo "2416"]
[BlackElo "2290"]

1.d4 d5 2.c4 Nc6 3.Nc3 dxc4 4.d5 Ne5 5.f4 Nd7 6.e4 Nb6 7.a4 a5 8.Be3 e6 9.Bxb6 cxb6
10.Bxc4 Bb4 11.Ne2 exd5 12.Bb5+ Kf8 13.O-O Bc5+ 14.Kh1 Nf6 15.Qd3 Ng4 16.Qg3 Ne3
17.Nxd5 Nxf1 18.Rxf1 Be6 19.Nec3 f5 20.Bc4 g6 21.Nb5 Rg8 22.Qc3 Bxd5 23.Bxd5 Rg7
24.Qe5 Qe7 25.g4 Qxe5 26.fxe5 f4 27.Rxf4+ Ke8 28.Kg2 Rd8 29.g5 Re7 30.e6 Be3
31.Rg4 Kf8 32.Rg3 Bc1 33.b3 Kg7 34.h4 Bf4 35.Rf3 Be5 36.Na3 Rf8 37.Rf7+ Rfxf7
38.exf7 Bd4 39.Nc4 Kf8 40.Kf3 Rd7 41.Kf4 Ke7 42.Nd2 Bb2 43.Kg4 Kf8 44.Nf3 Rc7
45.Bc4 Re7 46.Bd5 Rc7 47.h5 gxh5+ 48.Kxh5 Rc1 49.Kg4 Bg7 50.Kf4 Rc8 51.Kf5 b5
52.g6 h6 53.Ne5 Ke7 54.Nd3 Rc3 55.Nf4 Rf3 56.axb5 b6 57.e5 Rf1 58.Bc4 Rf2
59.Ke4 Rxf4+ 60.Kxf4 Kd7 61.Ke4 h5 62.Be2 h4 63.Bg4+ Ke7 64.Kd5 Kf8 65.Kd6 Bh6
66.Kd7 Bf4 67.e6  1-0

[Event "Petrovskaya Ladya IM"]
[Site "Peterhof RUS"]
[Date "2005.08.07"]
[Round "9"]
[White "Popov,Val"]
[Black "Utkin,Alek"]
[Result "1-0"]
[WhiteElo "2570"]
[BlackElo "2382"]

1.d4 d5 2.c4 Nc6 3.cxd5 Qxd5 4.e3 e5 5.Nc3 Bb4 6.Bd2 Bxc3 7.bxc3 Nf6 8.c4 Qd6
9.d5 Ne7 10.Qb1 a5 11.e4 O-O 12.f3 c6 13.a4 Rd8 14.Qb6 Ra6 15.c5 Rxb6 16.cxd6 Rxd6
17.Bxa5 Rb3 18.Bc4 Rb2 19.Ne2 cxd5 20.O-O-O Rxe2 21.Bxe2 Nc6 22.Bc3 d4 23.Bb5 Be6
24.Bb2 Ne8 25.Ba3 Rd8 26.Kb2 Nd6 27.Bxd6 Rxd6 28.Ka3 Na5 29.h4 h5 30.Rb1 b6
31.Rhc1 g6 32.Bd3 Kg7 33.g3 Nb7 34.Bb5 Na5 35.Rc7 Kf6 36.Bd3 g5 37.hxg5+ Kxg5
38.Rb5 h4 39.Rxe5+ Kf6 40.Rh5 h3 41.e5+  1-0